LEADER 00986nam 2200301 450 001 990003299740203316 005 20090804124740.0 035 $a000329974 035 $aUSA01000329974 035 $a(ALEPH)000329974USA01 035 $a000329974 100 $a20090804d1981----km-y0itay50------ba 101 $aeng 102 $aUS 105 $a||||||||001yy 200 1 $aMetal-catalyzed oxidation of organic compounds$eMechanistis principles and synthetic methodology including biochemical processes$fRoger A. Sheldon, Jay k. Kochi 210 $aNew York$cAcademic Press$d1981 215 $aXXI, 424 p.$cgraf. tab.$d23 cm 700 1$aSHELDON,$bRoger A.$0605461 701 1$aKOCHI,$bJay K.$017769 801 0$aIT$bsalbc$gISBD 912 $a990003299740203316 951 $a547.23 SHE$b9326/CBS$c547.23$d00325713 959 $aBK 969 $aSCI 979 $aRSIAV6$b90$c20090804$lUSA01$h1247 996 $aMetal-catalyzed oxidation of organic compounds$91122830 997 $aUNISA LEADER 01773oam 2200493M 450 001 9910716245303321 005 20200213070514.2 035 $a(CKB)5470000002519673 035 $a(OCoLC)1065790333 035 $a(OCoLC)995470000002519673 035 $a(EXLCZ)995470000002519673 100 $a20071213d1926 ua 0 101 0 $aeng 135 $aurcn||||||||| 181 $ctxt$2rdacontent 182 $cc$2rdamedia 183 $acr$2rdacarrier 200 10$aAmend and consolidate copyright acts. May 6, 1926. -- Referred to the House Calendar and ordered to be printed 210 1$a[Washington, D.C.] :$c[U.S. Government Printing Office],$d1926. 215 $a1 online resource (2 pages) 225 1 $aHouse report / 69th Congress, 1st session. House ;$vno. 1100 225 1 $a[United States congressional serial set ] ;$v[serial no. 8534] 300 $aBatch processed record: Metadata reviewed, not verified. Some fields updated by batch processes. 300 $aFDLP item number not assigned. 606 $aBooks and reading 606 $aCopyright 606 $aLegislative amendments 606 $aPeriodicals 606 $aPublishers and publishing 608 $aLegislative materials.$2lcgft 615 0$aBooks and reading. 615 0$aCopyright. 615 0$aLegislative amendments. 615 0$aPeriodicals. 615 0$aPublishers and publishing. 701 $aVestal$b Albert H$g(Albert Henry),$f1875-1932$pRepublican (IN)$01387992 801 0$bWYU 801 1$bWYU 801 2$bOCLCO 801 2$bOCLCQ 906 $aBOOK 912 $a9910716245303321 996 $aAmend and consolidate copyright acts. May 6, 1926. -- Referred to the House Calendar and ordered to be printed$93439016 997 $aUNINA